=LDR 00000nam 2200000 4500 =001 000861 =005 20250712093443 =035 ##$$a 0010-0725000738 =007 ta =008 250712################a##########0#ind## =020 ##$$a 978-623-472-458-5 =082 ##$$a 398.209 598 =084 ##$$a 398.209 598 C A a =100 #$$a C Aindri =245 1#$$a Apa kau pernah melihat Sundari? /$c Aindri C =250 ##$$a Pertama =260 ##$$a Jakarta :$b Badan pengembangan dan pembinaan bahasa,$c 2022 =300 ##$$a 24 HLM. : $b ilus. ; $c 22,9 cm =650 #4$$a Cerita anak Indonesia terjemahan =650 #4$$a Literasi bahan bacaan =990 ##$$a TBM202400790